| 000 | 00816cam a22002893a 4500 | ||
|---|---|---|---|
| 020 | _a9780821374023 | ||
| 020 | _a0821374028 | ||
| 020 | _a9780821373996 | ||
| 020 | _a0821373994 | ||
| 040 | _cBTCTA | ||
| 082 | _a384 INT 2008 A011 Or. | ||
| 245 | 0 | 4 | _aThe Little Data Book on Information and Communication Technology 2008 |
| 246 | 0 | 3 | _aLittle Data Book on Information and Communication Technology 08 |
| 300 |
_a230 pages ; _c20 cm |
||
| 500 | _aIncludes glossary | ||
| 650 | 0 | _aTelecommunication | |
| 650 | 0 | _aInformation technology | |
| 650 | 0 | _aTelecommunication | |
| 650 | 0 | _aInformation technology | |
| 650 | 0 | _aTelecommunication | |
| 650 | 0 | _aInformation technology | |
| 650 | 0 | _aDigital divide | |
| 710 | 2 | _aWorld Bank | |
| 710 | 2 | _aWorld Bank. | |
| 710 | 2 | _aWorld Bank. | |
| 942 | _cEK | ||
| 999 |
_c13359 _d13359 |
||